Conan Gray songs - A-Z - Statistics

General Stats
  • This quiz has been taken 325 times
  • The average score is 16 of 22
Answer Stats
Hint Answer % Correct
A Astronomy / Actor / Affluenza / Alley Rose
97%
C Crush Culture / Comfort Crowd / Checkmate / Caramel / (Can We Be Friends?) / Care / Class Clown / Connell
93%
F Family Line / Fake / Fainted Love / Fight or Flight / Footnote / Forever With Me / Found Heaven
90%
M Maniac / Memories / Movies / Miss You / My World
88%
H Heather / Holidays
86%
B Bed Rest / Best Friend / Bourgeoisieses / Boys & Girls
84%
T The Cut That Always Bleeds / The Story / This Song / The Exit / Telepath / The Final Fight / The King
79%
G Generation Why / Greek God / Grow
72%
L Lookalike / Little League / Lonely Dancers
72%
N Nauseous / Never Ending Song
72%
E Eleven Eleven / Eye of the Night
71%
Y Yours
69%
W Wish You Were Sober / Winner
65%
P People Watching
64%
J Jigsaw
62%
S Summer Child / Sunset Tower
62%
V Vodka Cranberry
62%
D Disaster
61%
O (Online Love) / Overdrive
61%
R Romeo
55%
K Killing Me
53%
I Idle Town
49%
No matching quizzes found
Score Distribution
Percent of People with Each Score
Percentile by Number Answered
Your Score History
You have not taken this quiz